Historia de la Alta California : 1542-1945 /
-д хадгалсан:
| Үндсэн зохиолч: | |
|---|---|
| Формат: | Ном |
| Хэл сонгох: | испани |
| Нөхцлүүд: | |
| Шошгууд: |
Шошго байхгүй, Энэхүү баримтыг шошголох эхний хүн болох!
|
MARC
| LEADER | 00000nam^a2200000^a^4500 | ||
|---|---|---|---|
| 001 | 000131811 | ||
| 005 | 20250521000000.0 | ||
| 009 | 20260310095037.17 | ||
| 037 | |a Acervo ITESO - Biblioteca | ||
| 041 | |a ESP | ||
| 082 | |a 972. 2 |b MAR | ||
| 100 | |a Martínez, Pablo L |e (autor) | ||
| 245 | 1 | 0 | |a Historia de la Alta California : |b 1542-1945 / |c P.L. Martínez. |
| 264 | |a México : |b Editorial Baja California, |c 1970 | ||
| 300 | |a 342 p. | ||
| 336 | |a texto |b txt |2 rdacontenido | ||
| 337 | |a sin mediación |b n |2 rdamedio | ||
| 338 | |a volumen |b nc |2 rdasoporte | ||
| 649 | |a XX | ||
| 650 | |a Baja California - |x Historia | ||
| 650 | |a California, EUA - |x Historia | ||
| 650 | |a México - |x Historia | ||
| 650 | |a EUA - |x Historia | ||
| 650 | |a Indígenas de México - |x Historia | ||
| 650 | |a Indígenas de América del Norte - |z EUA - |x Historia | ||
| 910 | |a Fondo Salvador Reynoso Reynoso | ||
| 920 | |a Impresos - Libros | ||
| 930 | |a Fondos Especiales | ||
| 905 | |a 112 | ||
| 901 | |a 0800012199 |b IT2 |c ESP |u 20250521 | ||
| 902 | |a https://opac.biblio.iteso.mx/vufind/Record/000131811 | ||